000 01132cab a22002175a 4500
001 L137190
008 070321e2007 xxk 000 0 eng d
035 _a(Sirsi) u137190
041 0 _aeng
110 2 _aEurostat
_91416
245 0 0 _aConstruction output up by 0.6%
_h[electronic resource]
260 _c2007
490 _aEurostat News Release
_v(40/2007) 20 March 2007
520 _aReveals that seasonally adjusted production in the construction sector increased by 0.6% in the euro area and by 1.1% in the EU27 area in January 2007, compared to December 2006. Compared to January 2006, output in January 2007 was up 10.4% in the euro area and 7.3% in the EU27. Tables show monthly, quarterly, and annual variation in construction output and monthly and quarterly production indices for total construction for individual member states.
590 _aKA NTK
650 2 4 _aEUROSTAT MONTHLY CONSTRUCTION INDEX
651 4 _aEUROPEAN UNION
690 _aBUILT ENVIRONMENT-CONSTRUCTION MARKET
856 4 0 _uhttps://epp.eurostat.ec.europa.eu
_zView the item free of charge at http://epp.eurostat.ec.europa.eu...
942 _n0
999 _c78563
_d78563